Metody síťové analýzy v řídicím procesu

Gespeichert in:
Bibliographische Detailangaben
1. Verfasser: Machová, Vladimíra
Format: Buch
Sprache:Tschechisch
Veröffentlicht: Praha Československá tisková kancelář 1969
Schriftenreihe:Knižnice ekonomické literatury sv. 6
Tags: Tag hinzufügen
Keine Tags, Fügen Sie das erste Tag hinzu!

MARC

LEADER 00000nam a2200000 4500
001 c131428
005 20221207065853.1
041 0 |a cze 
044 |a CZ 
245 1 0 |a Metody síťové analýzy v řídicím procesu  |c Vladimíra Machová 
264 1 |a Praha  |b Československá tisková kancelář  |c 1969 
300 |a 92 s. 
490 1 |a Knižnice ekonomické literatury  |v sv. 6 
830 0 |a Knižnice ekonomické literatury  |v sv. 6 
100 1 |a Machová, Vladimíra